Analýza súčasného stavu merania a monitorovania produktov v spoločnosti I.D.C. Holding, a.s., odštepný závod Figaro Trnava

Salvato in:
Dettagli Bibliografici
Autore principale: Lužáková, Michaela, 1987- (Autore)
Altri autori: Mrvová, Ivana (Relatore della tesi)
Natura: Manoscritto Libro
Lingua:inglese
Pubblicazione: Trnava : STU v Bratislave MTF UPMK KIK, 2010
Soggetti:
Accesso online:VAIS
Tags: Aggiungi Tag
Nessun Tag, puoi essere il primo ad aggiungerne!!

MARC

LEADER 00000ntm a22000003a 4500
001 stu217329
005 20160719160414.8
008 101125s2010----xo------------------eng-d
040 |a STU  |b slo 
041 0 |a eng 
044 |a xo 
100 1 |a Lužáková, Michaela,  |d 1987-  |4 aut  |X 48469  |7 A000048469 
242 0 0 |a Analysis of the current measurement and monitoring of products in corporation I.D.C Holding,a.s., branched company Figaro Trnava  |y eng 
245 1 |a Analýza súčasného stavu merania a monitorovania produktov v spoločnosti I.D.C. Holding, a.s., odštepný závod Figaro Trnava 
260 |a Trnava :  |b STU v Bratislave MTF UPMK KIK,  |c 2010 
650 7 |a kvalita produkcie  |2 stusub 
650 7 |a Quality of Production  |2 estusub 
650 7 |a product  |2 estusub 
650 7 |a quality  |2 estusub 
650 7 |a kvalita  |2 stusub 
650 7 |a produkt  |2 stusub 
700 1 |a Mrvová, Ivana  |4 ths 
856 4 |a info a plný text  |u http://is.stuba.sk/zp/portal_zp.pl?podrobnosti=47084  |3 VAIS 
996 |c M*BP-4569  |l MMSKP  |s P  |a 0  |w stu217329_0001